| 000 | 00820nam a2200253 a 4500 | ||
|---|---|---|---|
| 008 | |||
| 020 | _a0415128706 (pbk.) | ||
| 020 | _a0415128692 (cased) | ||
| 049 | _aMAIN | ||
| 090 |
_aHD30.28 _bSTR |
||
| 245 | 0 | 0 |
_aStrategic innovation : _ban international casebook on strategic management / _cedited by Charles Baden-Fuller and Martyn Pitt. |
| 260 |
_aLondon : _bRoutledge, _c1996. |
||
| 300 |
_axviii, 461 p. : _bill. ; _c24 cm. |
||
| 504 | _aIncludes bibliographical references. | ||
| 650 | 0 |
_aStrategic planning _xCase studies. |
|
| 653 | 0 |
_aBusiness _aInnovation |
|
| 700 | 1 | _aBaden-Fuller, Charles. | |
| 700 | 1 | _aPitt, Martyn. | |
| 907 |
_a.b1003710x _b17-09-12 _c17-04-03 |
||
| 003 | |||
| 005 | 20230123133201.0 | ||
| 040 | _cNUST | ||
| 942 |
_cBOOKS _kHD30.28 _mSTR |
||
| 999 |
_c144187 _d144187 |
||